000 01057 a2200457 4500
000 BKB
001 135838
005 20200902152923.0
008
010 _a
020 _a
082 _a341.48
_bG61P
100 1 _aThe practice of human rights : tracking law between the gobal and the local
110 _a
245 1 _aThe practice of human rights : tracking law between the gobal and the local
_cedited by Mark Goodale and Sally Engle Merry
250 _a
260 _aCambridge
_bCambridge University Press
_c2007
300 _a384p.
490 _a
_v
500 _a
600 _a
610 _a
611 _a
630 _a
650 _a
651 _a
654 _a
690 _aHuman rights; PPLG
700 _aGoodale, Mark ed.
_b
_c
700 _aMerry, Sally Engle ed.
_b
_c
710 _a
_b
_c
711 _a
720 _a
730 _a
740 _a
752 _a
856 _a
_d
_f
904 _a
964 _a
_b
_c
_d
_e
_f
_g
965 _a
999 _c9136
_d9136